<?xml version="1.0" encoding="UTF-8"?><?xml-stylesheet type="text/xsl" href="static/style.xsl"?><OAI-PMH xmlns="http://www.openarchives.org/OAI/2.0/" xmlns:xsi="http://www.w3.org/2001/XMLSchema-instance" xsi:schemaLocation="http://www.openarchives.org/OAI/2.0/ http://www.openarchives.org/OAI/2.0/OAI-PMH.xsd"><responseDate>2026-06-06T22:39:00Z</responseDate><request verb="GetRecord" identifier="oai:docta.ucm.es:20.500.14352/54544" metadataPrefix="marc">https://docta.ucm.es/rest/oai/request</request><GetRecord><record><header><identifier>oai:docta.ucm.es:20.500.14352/54544</identifier><datestamp>2023-09-07T10:14:13Z</datestamp><setSpec>com_20.500.14352_14</setSpec><setSpec>col_20.500.14352_23</setSpec></header><metadata><record xmlns="http://www.loc.gov/MARC21/slim" xmlns:dcterms="http://purl.org/dc/terms/" xmlns:xsi="http://www.w3.org/2001/XMLSchema-instance" xmlns:doc="http://www.lyncode.com/xoai" xsi:schemaLocation="http://www.loc.gov/MARC21/slim http://www.loc.gov/standards/marcxml/schema/MARC21slim.xsd">
   <leader>00925njm 22002777a 4500</leader>
   <datafield ind2=" " ind1=" " tag="042">
      <subfield code="a">dc</subfield>
   </datafield>
   <datafield ind2=" " ind1=" " tag="720">
      <subfield code="a">Carballo Barral, Borja</subfield>
      <subfield code="e">author</subfield>
   </datafield>
   <datafield ind2=" " ind1=" " tag="260">
      <subfield code="c">2007-06-12</subfield>
   </datafield>
   <datafield ind2=" " ind1=" " tag="520">
      <subfield code="a">El Ensanche Este -actuales distritos de Salamanca y Retiro- surge al Este de Madrid a mediados del XIX como una alternativa residencial a una ciudad con graves problemas de hacinamiento poblacional. Un conjunto de promociones inmobiliarias. La puesta en marcha del Ensanche de la capital en 1860 intentará ordenar ese crecimiento; en el nuevo distrito urbano creado se expresarán las contradicciones de la evolución social de una ciudad, el Madrid de la segunda mitad del XIX, en que se combina un crecimiento demográfico y un desarrollo urbano notables con un escaso desarrollo industrial y una persistencia de las estructuras socioeconómicas del mundo de los oficios.</subfield>
   </datafield>
   <datafield ind1="8" ind2=" " tag="024">
      <subfield code="a">https://hdl.handle.net/20.500.14352/54544</subfield>
   </datafield>
   <datafield ind1="8" ind2=" " tag="024">
      <subfield code="a">http://www.ucm.es/info//hcontemp/leoc/taller/salamanca.pdf</subfield>
   </datafield>
   <datafield ind2="0" ind1="0" tag="245">
      <subfield code="a">Los orígenes del Moderno Madrid: El Ensanche Este (1860-1878)</subfield>
   </datafield>
</record></metadata></record></GetRecord></OAI-PMH>